000 00577nam a2200181Ia 4500
005 20250326140255.0
008 250326s9999 xx 000 0 und d
037 _aTextbook
040 _aFMSL
_beng
_cFMSL
041 _aeng
_2eng
084 _aX:87 P1
_qFMSL
100 _aBennis W
_9121035
245 0 _aFuture of Leadership: today's top leadership thinkers speak to tomorrow's leaders
_cBennis W; Spreitzer G M And Others
260 _aSan Francisco
_bSan Francisco, Jossey-Bass
_c2001
300 _a316p
942 _cTB
_hX:87 P1
999 _c1285057
_d1285057